Planètes du système solaire - Statistiques

Statistiques générales
  • Ce quiz a été pris 340 fois
  • Le résultat moyen est 9 sur 9
Statistiques - réponses
Description Planètes % Correct
La planète rouge Mars
100%
La planète bleue Terre
99%
Possède un anneau Saturne
98%
La plus grosse Jupiter
97%
La plus proche du soleil Mercure
95%
Bonus: Elle n'est plus considérée comme une planète depuis 2006 Pluton
95%
L'avant dernière Uranus
95%
La plus chaude Venus
95%
La plus éloignée du soleil Neptune
93%
Aucun quiz correspondant
Distribution des résultats
% des personnes avec chaque résultat
Percentile par nombre de réponses
Votre historique - résultats
Vous n’avez pas pris ce quiz